01005nam a2200241 a 450000100100000000500170001000800410002702000150006804000250008308200210010810000530012924501200018225000110030226000820031330000200039549000380041549000310045350400300048470000400051483000730055495201190062799900170074600002812420240316073901.0110406s2003 dr r 000 0 spa d a9993455334 aDO-SdBNPbspacBNPHU axxxxbJ61i, 20021 aJimenes Grullón, Juan Isidro,d1903-19839248210aLa ideología revolucionaria de Juan Pablo Duarte /cJuan Isidro Jimenez Grullón; editor Tomás Castro Burdiez. a2a ed. aSanto Domingo :bFundación para la Educación y el Arte (EDUCARTE),c2003. a32 p. ;c21 cm.1 aCuadernos educativos y culturales1 aIncependencia nacionalv11 aBibliografía : p. 31-32 aCastro, Tomás,d1959-eed.924641 0aCuadernos educativos y culturalespIndependencia nacional; 11955130 0010718PDaPDbPDcHDd2011-04-06iLF1l0oxxxx J61i, 2002p28124-10r2020-06-25w2020-06-25yLFPDZNo se presta c27616d27616